LEADER 01569nam a2200301 u 4500 001 000000035419 003 CaOOAMICUS 005 20070226112602.0 008 980224s1985 vc u000 u ita u 035 $a10784195 040 $aPUL(R)$bita 041 0 $aita$afre$aspa 245 00$aCinquant'anni di magistero teologico :$bscritti in onore di mons. Antonio Piolanti nel 50.mo del suo sacerdozio /$ccon prefazione di S.E. il card. Mario L. Ciappi, O.P. 260 $aCittà del Vaticano :$bLibreria editrice vaticana,$c1985. 300 $a261 p. ;$c24 cm 490 1 $aStudi tomistici ;$v26 504 $a"Bibliografia degli scritti di mons. Antonio Piolanti": pp. [15]-33. 600 14$aPiolanti, Antonio,$csac.,$d1911-2001.$0(OLS)http://pul/subject/13457 650 4$aMagistero ecclesiastico.$0(OLS)http://pul/subject/2042 700 1 $aCiappi, Mario Luigi,$ccard.,$d1909-$0(OLS)http://pul/name/13310 710 2 $aAccademia romana di S. Tommaso d'Aquino e di religione cattolica.$0(OLS)http://pul/name/2549 830 0$aStudi tomistici ;$v26.$0(OLS)http://pul/title/3524 850 $aPUL 852 $aPUL$W1$xSL Filosofia 2$y80$mPhil A16 26$j48508$nBK-PRI$b $qStampati altre collocazioni$B48508$CPULBib$Z2$F48508 $H $81 941 1 $a10 961 $aINV: 53154 996 $6245$aCinquant'anni di magistero teologico :$bscritti in onore di mons. Antonio Piolanti nel 50.mo del suo sacerdozio$9(OLS)http://pul/title/48701 996 $6260$aCittà del Vaticano :$bLibreria editrice vaticana$9(OLS)http://pul/publisher/47920 LEADER 01322nam a2200349 a 4500 001 000000144475 003 CaOOAMICUS 005 20150701092314.0 008 150701s2008 it 000 0 ita r 020 $z978-88-399-2856-6* 040 $aPUL$bita 041 1 $aita$hger 100 1 $aBerger, Klaus,$d1940-2020.$0(OLS)http://pul/name/25353 240 10$aJésus.$lItaliano.$0(OLS)http://pul/title/73763 245 10$aGesù /$cKlaus Berger ; introduzione all'edizione italiana di Rinaldo Fabris. 250 $a3. ed. 260 $aBrescia :$bQueriniana,$c2008. 300 $a672 p. ;$c21 cm 490 1 $aBooks 650 04$aCristologia.$0(OLS)http://pul/subject/1402 650 14$aTeologia fondamentale.$0(OLS)http://pul/subject/146 700 1 $aFabris, Rinaldo,$d1936-,$epr.$0(OLS)http://pul/name/1111 830 0$aBooks.$0(OLS)http://pul/title/132285 850 $aPUL 852 $aPUL$W1$xDP1 Fondo S. Lanza$y121$m3 G 72$j166758$qFondi$B167348$CPULBib$Z2$F167348 $HLan1851 $82 941 1 $a1 960 $aIesus Christus$91402 960 $aIesus Christus$91402 996 $6020$z978-88-399-2856-6*$9(OLS)http://pul/number/134450 996 $6245$aGesù$9(OLS)http://pul/title/57072 996 $6260$aBrescia :$bQueriniana$9(OLS)http://pul/publisher/47906